Les Hokage (NarutoRP) - Statistiques

Statistiques générales
  • Ce quiz a été pris 926 fois
  • Le résultat moyen est 7 sur 11
Statistiques - réponses
Hint Réponse % Correct
1ere Hokage Hashirama Senju
90%
2eme Hokage Tobirama Senju
90%
10eme Hokage Okka Senju
75%
8eme Hokage Renji Senju
73%
9eme Hokage Ryujin Hakari
68%
11eme Hokage Gintoki Okami
59%
4eme Hokage Karasuma Senju
55%
7eme Hokage Shigi Yamanaka
55%
6eme Hokage Kano Yamanaka
46%
5eme Hokage Ichibei Hyuga
41%
3eme Hokage Keitaro Senju
33%
Aucun quiz correspondant
Distribution des résultats
% des personnes avec chaque résultat
Percentile par nombre de réponses
Votre historique - résultats
Vous n’avez pas pris ce quiz